| 000 | 01405ngm a22004090a 4500 | ||
|---|---|---|---|
| 001 | PT42485 | ||
| 003 | AR-LpoUNG | ||
| 005 | 20210201235942.0 | ||
| 007 | vd cvaizq | ||
| 008 | 191001s[200||||ag |||||||||||||||||spa d | ||
| 040 |
_aAR-LpoUNG _bspa _cAR-LpoUNG _eaacr |
||
| 041 | _aspa | ||
| 044 | _aag | ||
| 082 | 0 | _a972.910 64 879hom | |
| 100 | 1 | _aStone, Oliver | |
| 245 | 1 | 3 | _aUn hombre llamado Fidel Castro |
| 250 | _a1ª ed. | ||
| 260 |
_aBuenos Aires : _bPágina 12, _c[2007]. |
||
| 300 | _aDVD (67 min.) : son., col | ||
| 520 | _aEn la primavera de 2003, Cuba registró una ola de secuestros de barcos y aviones en los que muchos ciudadanos cubanos buscaban emigrar a Norteamérica, atrapados por la posibilidad de obtener la residencia allá. El régimen de Fidel Castro arrestó y encarceló a 75 de ellos, entre los que se encontraban periodistas independientes, bajo la acusación de ser agentes al servicio de los Estados Unidos y de conspirar contra la revolución. | ||
| 650 | 4 | _aAMERICA LATINA | |
| 650 | 4 | _aCENSURA | |
| 650 | 4 | _aCUBA | |
| 650 | 4 | _aESTADO | |
| 650 | 4 | _aHISTORIA SOCIAL | |
| 650 | 4 | _aIDEOLOGIAS POLITICAS | |
| 650 | 4 | _aIMPERIALISMO | |
| 650 | 4 | _aMEDIOS DE COMUNICACION | |
| 650 | 4 | _aPERIODISMO | |
| 650 | 4 | _aPOLITICA | |
| 651 | 4 | _aCuba | |
| 653 | _aCINE DOCUMENTAL | ||
| 653 | _aDVD | ||
| 653 | _aVIDEOS | ||
| 905 | _a42485 | ||
| 942 | _cDVD | ||
| 999 |
_c53827 _d53827 |
||